000 01339nam a2200205Ia 4500
003 Ost
005 20260507075732.0
008 260507s9999||||xx |||||||||||||| ||und||
040 _cfsecg
041 _aara
082 _a303.484
100 _aقابل، محمد صفوت
_eمؤلف
245 0 _aالدول النامية والعولمة /
_c محمد صفوت قابل
260 _aالاسكندرية:
_bالدار الجامعية,
_c2004
300 _a319 صفحة؛
_c24 سم
520 _aفي هذا الكتاب "ماهية العولمة،الخلفية التاريخية وعوامل الانتشار"العولمة التجارية"التجارة كمحور للتغيير ووسائل الاستثمار المباشر.تحرير التجارة في السلع . أثار تحرير التجارة في السلع على اقتصاديات الدول النامية"اتفاقيات حقوق الملكية الفكرية "برنامج العمل الجديد ( برنامج الدوحة ) لمنظمة التجارة العالمية العولمة السياسية و الثقافة "أزمات العولمة"أزمة الأرجنتين "الأزمة التركية"الحركات المناهضة للعولمة
653 _aالاقتصاد الدولي
653 _aالعولمة
942 _cكتاب
999 _c46050
_d46050